000 00494nam a2200181Ia 4500
005 20250508160845.0
008 008 250505s9999 xx 000 0 hin d
037 _aBooks to be hide in OPAC
040 _aFEDL
_beng
_cFEDL
041 _ahin
_2hin
084 _aFH, SAN/O
_qFEDL
100 _aSanyal Narain
_9769563
245 0 _aSatyakam
260 _aDelhi, India
_bNational Publishing House
_c1971
300 _a230p.
942 _cHB
_hFH, SAN/O
999 _c1367023
_d1367023